|
|
|
|
| LEADER |
00000nab a2200000ua 4500 |
| 001 |
vtls010775158 |
| 003 |
SK-MaSNL |
| 005 |
20260303151842.0 |
| 008 |
230222s1958 xo |||||||||||||||||slo| |
| 035 |
|
|
|a (urnnbn)urn:nbn:sk:snk:ar-a038sk
|
| 035 |
|
|
|a (uuid)775cfa4a-3d64-41fe-abb9-e107e770dde5
|
| 035 |
|
|
|a urn:nbn:sk:snk-ab5592
|
| 040 |
|
|
|a SNKBUCL
|b slo
|c SNKBUCL
|e AACR2
|
| 041 |
0 |
|
|a slo
|
| 044 |
|
|
|a xo
|c SK
|
| 100 |
1 |
|
|a Kudláček, Jozef
|4 aut
|9 7064
|
| 245 |
1 |
0 |
|a VOJTECH ONDROUCH, BOHATÉ HROBY Z DOBY RÍMSKEJ NA SLOVENSKU
|c Jozef Kudláček
|
| 773 |
0 |
|
|t Slovenský národopis : časopis Slovenskej akadémie vied
|g Roč. 6, č. 1-2 (1958), s. 212-213
|
| 954 |
|
|
|a odborná, vedecká literatúra pôvodná (slovenská)
|2 lita
|
| 958 |
|
|
|a OND
|
| 958 |
|
|
|a EUIPO
|
| 958 |
|
|
|a article3
|
| 999 |
|
|
|c 2020213
|d 2022143
|